000 00576 a2200169 4500
020 _a9780545270144
020 _a0545270146
041 _aspa
100 _aClaire Masurel
245 _aUn gato y un perro = A cat and a dog / escrito por Claire Masurel ; ilustrado por Bob Kolar ; traducido por by Andrsˌ Antreasyan.
260 _aNew York : Scholastic, 2003.
300 _a1 volume (unpaged) : color illustrations ;
_c22 x 27 cm
440 _aReady-to-go classroom library.
500 _aIn Spanish with parallel English text.
700 _aKolar, Bob.
942 _cBK
999 _c10355
_d10355